10 'For' Words Quiz Stats

 Plays Quiz Updated Feb 8, 2018

Also try: 10 'Tri' Words
Challenge
Share
Tweet
Embed
Score 0/10 Timer 03:00
0 Plays Today
Question Answer Wrong Answers
A public meeting or lecture involving audience discussion Forum
98.1%
Formula
0.3%
Fortuity
0.7%
Forbearance
0.5%
To stop feeling angry or resentful towards (someone)
for an offence, flaw, or mistake
Forgive
96.2%
Forbear
2.8%
Forestall
0.5%
Forage
0.5%
Happening by good luck or chance
rather than by intention
Fortuitous
93.9%
Foremost
0.7%
Foreseeable
2.2%
Forlorn
1.2%
To wander in search of food or supplies Forage
93%
Forego
1.6%
Forrader
1.5%
Foram
0.6%
The point where something divides into branches Fork
91%
Formant
1.4%
Forge
3.4%
Forego
0.7%
A colorless, pungent, irritating gas (CH2O) used chiefly in
aqueous solution as a disinfectant and preservative
Formaldehyde
89.9%
Formamide
5.7%
Formatter
0.4%
Fornix
0.8%
An instrument for grasping, holding firmly, or exerting
traction upon objects, especially for delicate operations
Forceps
89.6%
Forklift
7.8%
Foramen
0.8%
Foredo
1%
Relating to or dealing with the application of
scientific knowledge to legal problems
Forensic
76.8%
Formulaic
19.2%
Formidable
1.3%
Forward
0.4%
The quality of someone who is patient and able to deal
with a difficult person or situation without becoming angry
Forbearance
70.5%
Formality
1.9%
Fortuity
12.3%
Forthrightness
12.5%
To act before (someone else) in order
to prevent something
Forestall
64.1%
Forecast
7.3%
Forego
18.4%
Forebode
8.9%

You're not logged in!

Compare scores with friends on all Sporcle quizzes.
Join for Free
OR
Log In

You Might Also Like...

Show Comments

Extras

Top Quizzes Today


Score Distribution

Your Account Isn't Verified!

In order to create a playlist on Sporcle, you need to verify the email address you used during registration. Go to your Sporcle Settings to finish the process.

Report this User

Report this user for behavior that violates our Community Guidelines.

Details: